000 00763nam a2200253 i 4500
003 DO-SdBNP
005 20230911113653.0
006 a||||er|||| 00| 0
007 ta
008 230911e2023 dr ||||| |||| 00| j spa d
020 _a9789945183184
040 _aDO-SdBNP
_bspa
_cBNPHU
_erda
082 4 _222
_bT683h
100 1 _aToribio, Andrés
_952162
_eautor
245 1 0 _aHumortori. /
_cAndrés Toribio.
264 1 _aSanto Domingo :
_bSoto Castillo,
_c2023
300 _a181 páginas ;
_c23 cm.
336 _2rdacontent
_atexto
_btxt
337 _2rdamedia
_asin mediación
_bn
338 _2rdacarrier
_avolumen
_bnc
500 _aIncluye datos biográficos del autor en las solapas de las cubiertas.
590 _aInventariado 2023 / MF
942 _2ddc
_cLBS1
999 _c54675
_d54675